Responses for Show #1170 - Friday, October 6, 1989

Contestants

[<< previous game]

Martin Euritt, a teacher from Phoenix, Arizona

Frank Stanonik, a locomotive engineer from Chesterland, Ohio

Kerry Tymchuk, an attorney originally from Reedsport, Oregon (whose 2-day cash winnings total $12,001)

[next game >>]

Jeopardy! Round responses

STARTS WITH "D"
IN THE NEWS
MOVIES
LEFTOVERS
ARTISTS
CELEBRITY ALMA MATERS
    $100 5
doe

Kerry
    $100 1
Michael Dukakis

Kerry
    $100 3
The Empire Strikes Back

Martin
    $100 21
The Emmy

Kerry
    $100 26
Rivera

Frank
    $100 9
Yoko Ono

Kerry
    $200 17
dance

Kerry
    $200 2
Hirohito

Martin
    $200 4
(Alex: [*] Rose of Cairo, The Color [*], and [*] Rain.)

Purple

Frank
    $200 22
Antarctica

Kerry
    $200 27
Andy Warhol

Martin
    $200 11
Steve Martin

Kerry
    $300 18
dropleaf

Frank
    $300 10
scripted/fake entertainment

Martin
    $300 6
Dirty Dancing

Martin
    $300 23
gauntlets

Kerry
    $300 30
Paul Gauguin

Frank
    $300 13
Jim Henson

Martin
    $400 19
Delmonico

Frank
    $400 12
Chile

Martin
    $400 7
Nick Nolte

Kerry
    $400 24
Mrs. Butterworth's

Martin
    $400 29
(Kerry: Who is Picasso?)

El Greco (Domenicos Theotokopoulos)

Kerry
Triple Stumper
    $400 14
Jodie Foster

Kerry
    $500 20
décolletage

Kerry
    $500 16
Canada

Kerry
    $500 8
Young Guns

Martin
    $500 25
eggs

Frank
    $500 28
[Jane Avril: Jardin de Paris]

Henri Toulouse-Lautrec

Martin
    $500 15
(Martin: What is Hasty Pudding?)

The Crimson

KerryMartin

Scores at the first commercial break (after clue 13):

Kerry Frank Martin
$900 $200 $2,100

Scores at the end of the Jeopardy! Round:

Kerry Frank Martin
$3,200 $1,800 $2,700

Double Jeopardy! Round responses

U.S.A.
LEGENDS
THE HUMAN BODY
SHAKESPEARE
RUSSIAN HISTORY
ONOMATOPOETIC WORDS
(Alex: Words whose pronounciation is an indication as to their sound)
    $200 2
Hudson River

Kerry
    $200 23
Pandora

Martin
    $200 1
"Y"

Martin
    $200 8
Cleopatra, Cressida & Juliet

Martin
    $200 13
serfs

Kerry
    $200 3
hoot

Frank
    $400 9
Cape Cod

Martin
    $400 24
(Frank: Who is Bucephalus?)

Pegasus

FrankMartin
    $400 4
adrenaline

Frank
    $400 22
green eyes

Martin
    $400 18
the Whites

Kerry
    $400 14
burp

Frank
    $600 10
San Antonio

Kerry
    $1,000 25
(Martin: Who is King Alfred?)

Uther Pendragon

Martin
    $600 5
dentin

Frank
    $1,000 28
(Kerry: Who is Octavia?)

Portia

Kerry
    $600 19
Mongol Empire

Martin
    $600 15
(Alex: A reference to "The Gong Show".)

gong

Kerry
    $800 11
Colorado

Martin
    $800 26
Pecos Bill

Frank
    $800 6
nails

Frank
    $800 29
Two Gentlemen of Verona

Triple Stumper
    $800 20
(Martin: Who is Peter the Great?)

Ivan the Terrible

FrankMartin
    $800 16
creak

Frank
    $1000 12
Georgia

Triple Stumper
    $1000 27
the Phoenix

Kerry
    $1000 7
lungs

Frank
    $1000 30
Romeo

Frank
    $1000 21
December

Triple Stumper
    $1000 17
pitter-patter

Frank

Scores at the end of the Double Jeopardy! Round:

Kerry Frank Martin
$5,200 $9,200 $4,100

[wagering suggestions for these scores]

Final Jeopardy! Round responses

AMERICAN LITERATURE
MartinWho is Agee
$2,990
KerryWho is John Steinbeck
$5,200
FrankWho is John Steinbeck
$1,200
John Steinbeck (in 1940 for The Grapes of Wrath)

Final scores:

Kerry Frank Martin
$10,400 $10,400 $1,110
3-day co-champion: $22,401 New co-champion: $10,400 2nd place: Keller Oaktown dining furniture

Game dynamics:

Coryat scores:

Kerry Frank Martin
$6,200 $9,200 $5,100
19 R,
2 W
(including 1 DD)
17 R,
1 W
18 R
(including 1 DD),
3 W
(including 1 DD)

Combined Coryat: $20,500

[game clues] [game scores] [suggest correction]

Game tape date: 1989-06-20
The J! Archive is created by fans, for fans. Scraping, republication, monetization, and malicious use prohibited; this site may use cookies and collect identifying information. See terms. The Jeopardy! game show and all elements thereof, including but not limited to copyright and trademark thereto, are the property of Jeopardy Productions, Inc. and are protected under law. This website is not affiliated with, sponsored by, or operated by Jeopardy Productions, Inc. Join the discussion at JBoard.tv.